The Wrong Word Dictionary (Record no. 62644)

000 -LEADER
fixed length control field 00467nam a22001817a 4500
003 - CONTROL NUMBER IDENTIFIER
control field NUST - PNEC
005 - DATE AND TIME OF LATEST TRANSACTION
control field 20170116180754.0
008 - FIXED-LENGTH DATA ELEMENTS--GENERAL INFORMATION
fixed length control field 150317b xxu||||| |||| 00| 0 eng d
020 ## - INTERNATIONAL STANDARD BOOK NUMBER
International Standard Book Number 9788172454494
040 ## - CATALOGING SOURCE
Transcribing agency LIBRARY
082 ## - DEWEY DECIMAL CLASSIFICATION NUMBER
Classification number 423.1 DOW
100 ## - MAIN ENTRY--PERSONAL NAME
9 (RLIN) 1884
Personal name Dave Dowling
245 ## - TITLE STATEMENT
Title The Wrong Word Dictionary
Statement of responsibility, etc. Dave Dowling
260 ## - PUBLICATION, DISTRIBUTION, ETC.
Place of publication, distribution, etc. India
Name of publisher, distributor, etc. New Delhi
Date of publication, distribution, etc. C
300 ## - PHYSICAL DESCRIPTION
Extent 240 . :
650 ## - SUBJECT ADDED ENTRY--TOPICAL TERM
9 (RLIN) 1885
Topical term or geographic name entry element The Wrong Word Dictionary
General subdivision ME
942 ## - ADDED ENTRY ELEMENTS (KOHA)
Source of classification or shelving scheme
Koha item type Book
Holdings
Withdrawn status Lost status Source of classification or shelving scheme Damaged status Not for loan Permanent Location Current Location Shelving location Date acquired Source of acquisition Cost, normal purchase price Total Checkouts Full call number Barcode Date last seen Cost, replacement price Price effective from Koha item type
          Pakistan Navy Engineering College (PNEC) Pakistan Navy Engineering College (PNEC)   06/29/2009 Royal Book Company 145.50   423.1 DOW PNECLIB-029312 03/17/2015 145.50 06/29/2009 Book
© 2023 Central Library, National University of Sciences and Technology. All Rights Reserved.